[Event "Kragero Resort Chess A 2019"]
[Site "Kragero"]
[Date "2019.02.23"]
[Round "6.2"]
[White "Ragnarsson, Dagur"]
[Black "Hammer, Jon Ludvig"]
[Result "0-1"]
[WhiteElo "2361"]
[BlackElo "2652"]
[Annotator "TA"]
[PlyCount "66"]
[EventDate "2019.02.20"]
[EventType "swiss"]
[EventCountry "NOR"]
[SourceTitle "playchess.com"]
[Source "ChessBase"]
[SourceQuality "1"]

{[%evp 26,66,0,-14,-15,-12,-16,-18,15,0,10,0,0,28,0,-99,-117,-88,-87,-118,-112,-104,-116,-356,-355,-375,-375,-422,-402,-442,-341,-391,-397,-397,-394,-517,-507,-493,-506,-878,-878,-791,-786]} 1. d4 Nf6 2. c4 e6 3. g3 c5 4. d5 exd5 5. cxd5 d6 6. Nc3 g6 7. Bg2 Bg7 8. Nf3 O-O 9. O-O Re8 10. a4 a6 11. Nd2 Nbd7 12. Nc4 Ne5 13. Nxe5 Rxe5 14. e4 Re8 {A64: Modern Benoni: Fianchetto Variation: 9...Nbd7 10 Nd2 a6 11 a4 Re8} 15. h3 (15. Qc2 Rb8 16. Rb1 Qc7 17. b3 b5 18. axb5 axb5 19. Bb2 b4 20. Na4 Nd7 21. Bxg7 Kxg7 22. Nb2 {½-½ (42) Javakhishvili,L (2486)-Matlakov,M (2695) Caleta 2015}) 15... Bd7 16. Bf4 Qb8 $146 {The position is equal.} ({Predecessor:} 16... b5 17. axb5 axb5 18. Rxa8 Qxa8 19. Bxd6 b4 20. e5 bxc3 21. bxc3 Bb5 22. exf6 Bxf1 23. fxg7 Bxg2 24. Kxg2 c4 25. Qd4 Rd8 26. Qe5 Qb7 27. Kh2 Qb6 28. Be7 Qxf2+ 29. Kh1 {0-1 (29) Wcislo,D (2243)-Kilgus,G (2441) Vienna 2014}) 17. Qd3 Nh5 18. Bd2 b5 {[%cal Bb7b5,Bb5b4][%mdl 32]} 19. g4 Nf6 20. b3 {[#]} (20. Bf4 $11 {keeps the balance.}) 20... b4 $1 $17 21. Ne2 {[#]} Bc8 $1 22. Rac1 a5 $36 {[%mdl 2048] Black is on the roll.} 23. Rfe1 Ba6 24. Rc4 $2 (24. Qc2 $17) 24... Nd7 $19 {aiming for ...Ne5.} 25. f4 Nb6 {[%mdl 64] Pin} 26. Qc2 Qd8 ({Weaker is} 26... Nxc4 27. bxc4 b3 28. Qd3 $19) 27. Ng3 Qd7 28. e5 Bxc4 ({Not} 28... Nxc4 29. bxc4 dxe5 30. f5 $19) 29. bxc4 Qxa4 30. Qd3 Qa3 {Black is clearly winning.} 31. Qxa3 bxa3 32. Bf1 (32. Bc3 $142 Nxc4 33. Ne4) 32... dxe5 33. f5 {[#]} e4 $1 {Accuracy: White = 38%, Black = 88%.} 0-1

[Event "Kragero Resort Chess A 2019"]
[Site "Kragero"]
[Date "2019.02.23"]
[Round "6.3"]
[White "Lie, Kjetil A."]
[Black "Holm, Kristian Stuvik"]
[Result "1/2-1/2"]
[WhiteElo "2538"]
[BlackElo "2456"]
[Annotator "TA"]
[PlyCount "92"]
[EventDate "2019.02.20"]
[EventType "swiss"]
[EventCountry "NOR"]
[SourceTitle "playchess.com"]
[Source "ChessBase"]
[SourceQuality "1"]

{[%evp 13,92,-43,-33,-30,0,-7,0,-52,-52,-79,-77,-98,-45,-100,6,0,0,0,9,0,33,31,36,30,57,57,62,57,83,57,73,50,56,38,50,53,97,41,55,41,41,11,16,14,41,41,41,41,47,38,33,15,41,41,19,0,0,0,0,0,0,0,0,0,0,0,0,0,0,-3,-3,-3,-3,-3,-3,-13,-12,-15,0,-70,-55]} 1. b3 e5 2. Bb2 Nc6 3. e3 d5 4. Bb5 Bd6 5. Nf3 Qe7 6. d4 e4 {A01: Nimzowitsch-Larsen Opening} 7. Ne5 Qg5 $1 {[%cal Rg5g2] LiveBook: 4 Games} 8. g3 (8. Kf1 Nge7 9. h4 Qf6 10. c4 O-O 11. Bxc6 bxc6 12. c5 Nf5 13. Kg1 Be7 14. h5 {1-0 (50) Short,N (2678)-Howell,D (2676) Riadh 2017}) 8... Nge7 {[%cal Rd6e5] Black has an edge.} 9. h4 Qf6 {[%cal Rd6e5]} 10. c4 ({Better is} 10. Nxc6 $11 bxc6 11. Be2) 10... O-O $1 $15 {[%cal Rc6e5]} 11. Bxc6 bxc6 $146 ({Predecessor:} 11... Nxc6 12. cxd5 Nxe5 13. dxe5 Bxe5 14. Bxe5 Qxe5 {1-0 (60) Bobanac,M (2279)-Safar,S (1984) Bosnjaci 2017}) 12. Nc3 Rd8 (12... Qh6 $17 13. Qe2 Rb8) 13. Qh5 (13. Rc1 $15) 13... Bxe5 (13... Bb4 $17 {White must now prevent ...Qe6.} 14. O-O g6) 14. Qxe5 $11 Qxe5 15. dxe5 Bg4 16. O-O Rab8 17. cxd5 cxd5 18. Na4 Nc8 19. Rfc1 Nb6 20. Nc5 c6 21. Bd4 Bc8 22. Rc2 Ra8 23. Rac1 Kf8 24. a4 {e6! is the strong threat.} Ke7 25. e6 ({White should try} 25. f3 $16) 25... fxe6 $14 26. Bxg7 Nd7 27. Nxd7 (27. b4 {looks sharper.} Nxc5 28. Rxc5 Bd7 29. Be5 a6 30. Kg2) 27... Bxd7 28. Be5 Rg8 29. Rc5 a6 30. Ra5 h5 31. Rc2 Rgf8 32. b4 Rg8 33. Kf1 Kf7 34. f3 exf3 35. Rf2 Kg6 {And now ...Kf5 would win.} 36. Rxf3 {[#] aiming for Rf6+.} Rgf8 37. Rxf8 Rxf8+ $11 {[%mdl 4096] Endgame KRB-KRB} 38. Ke2 Kf5 39. Bd6 Ra8 40. Kf3 e5 41. e4+ Ke6 42. Bc7 Rc8 43. Bb6 $1 Rf8+ 44. Ke2 Bc8 45. Rc5 Bd7 46. Bc7 (46. Ra5 $11) 46... Rc8 $1 {Precision: White = 46%, Black = 58%.} 1/2-1/2

[Event "Kragero Resort Chess A 2019"]
[Site "Kragero"]
[Date "2019.02.23"]
[Round "6.4"]
[White "Kjartansson, Gudmundur"]
[Black "Vrolijk, Liam"]
[Result "0-1"]
[WhiteElo "2403"]
[BlackElo "2470"]
[Annotator "TA"]
[PlyCount "68"]
[EventDate "2019.02.20"]
[EventType "swiss"]
[EventCountry "NOR"]
[SourceTitle "playchess.com"]
[Source "ChessBase"]
[SourceQuality "1"]

{[%evp 9,68,26,19,0,17,0,0,0,20,7,7,6,3,4,0,0,0,0,0,0,0,0,0,3,2,-7,0,-8,-8,-7,0,-26,-14,-44,0,-314,-266,-311,-320,-297,-310,-318,-308,-235,-199,-190,-202,-216,-202,-204,-197,-240,-227,-220,-230,-285,-287,-623,-619,-580,-574]} 1. d4 Nf6 2. c4 e6 3. Nf3 d5 4. Nc3 dxc4 5. e4 Bb4 6. Bxc4 {D24: Queen's Gambit Accepted: 3 Nf3 Nf6 4 Nc3} Nxe4 7. O-O Nxc3 (7... Nf6 8. Qa4+ Nc6 9. Bg5 Bxc3 10. bxc3 O-O 11. Ne5 Qd6 12. Rfe1 Nd5 13. Bxd5 exd5 14. Nxc6 Qxc6 15. Qxc6 bxc6 {½-½ (31) Mamedyarov,S (2817)-Duda,J (2738) Wijk aan Zee 2019}) 8. bxc3 {The position is equal.} Bd6 9. Ng5 h6 10. Ne4 ({But not} 10. Nxf7 Kxf7 11. f4 Kf8 $17) 10... O-O 11. Qf3 Nc6 12. Nxd6 cxd6 13. Qg3 Qf6 14. Qxd6 {[#]} Rd8 $146 15. Qg3 e5 16. dxe5 Nxe5 17. Be2 Nc6 18. Rb1 b6 19. Bf4 Bf5 $36 {[%mdl 2048] Black fights for an advantage.} 20. Rb5 Re8 21. Bc4 {Threatening Bxh6.} Bg6 {Strongly threatening ...Re4.} 22. h4 $2 {[%mdl 8192]} (22. Rd5 $11 Re4 {[%mdl 64] Double Attack} 23. Rd6 Qxf4 24. Qxf4 Rxf4 25. Rxc6) 22... Re4 $1 $19 {[%csl LRc4,LRf4][%mdl 64] Double Attack} 23. Bg5 hxg5 24. hxg5 {[#]} Qf4 $1 {[%cal Rf4g3]} 25. Bd5 Qxg3 26. fxg3 Rc8 {aiming for ...Re3.} 27. Bxe4 Bxe4 28. Rf4 Re8 29. Rb2 {intending Re2.} Bd5 30. c4 Be6 31. g6 f6 32. g4 Ne5 {[%mdl 64] [#] Double Attack} 33. g5 $2 (33. Rb3) 33... Nd3 {[%mdl 64] Double Attack} 34. gxf6 gxf6 {Accuracy: White = 53%, Black = 66%.} 0-1

[Event "Kragero Resort Chess A 2019"]
[Site "Kragero"]
[Date "2019.02.23"]
[Round "6.5"]
[White "Urkedal, Frode Olav Olsen"]
[Black "Nordquelle, Daniel"]
[Result "1-0"]
[WhiteElo "2522"]
[BlackElo "2235"]
[Annotator "TA"]
[PlyCount "67"]
[EventDate "2019.02.20"]
[EventType "swiss"]
[EventCountry "NOR"]
[SourceTitle "playchess.com"]
[Source "ChessBase"]
[SourceQuality "1"]

{[%evp 9,67,38,58,48,63,72,70,42,83,61,100,83,105,93,94,95,126,104,178,170,260,255,277,268,261,259,277,252,321,308,308,285,316,299,282,281,285,285,346,329,354,269,464,414,469,433,555,539,1682,1504,1460,1264,29969,29970,29982,29971,5497,1264,983,465]} 1. d4 f5 2. Bg5 g6 3. Nc3 Bg7 4. e3 (4. f3 Nc6 5. e3 d6 6. Bc4 h6 7. Bh4 Nf6 8. Nge2 e5 9. dxe5 Nxe5 10. Bb3 c6 11. O-O Qe7 {0-1 (38) Paravyan,D (2634)-Tsydypov,Z (2529) Khanty-Mansiysk 2018}) 4... h6 5. Bh4 Nf6 6. Bd3 {A80: Dutch Defence: Unusual White second moves} d5 7. Bxf6 Bxf6 8. g4 {Hoping for gxf5.White is slightly better.} e6 9. Qf3 c6 10. Nge2 Qe7 $146 ({Predecessor:} 10... Bg5 11. gxf5 exf5 {1-0 (30) Kubik,G (1955)-Schriebl,A (2065) Austria 2018}) 11. Nf4 $36 {[%mdl 2048] Keeping Black busy.} Qf7 12. gxf5 gxf5 13. Be2 Rg8 (13... b6 $16 {was worth a try.}) 14. O-O-O $18 Bg5 (14... Nd7 $142) 15. Rdg1 Nd7 16. h4 Bxf4 17. Qxf4 ({And not} 17. exf4 Nf6 $11) 17... Nf6 18. Qxh6 {[#] Rxg8+ is the strong threat.} Ke7 19. Rxg8 Qxg8 20. Rh3 Qf8 21. Qf4 Bd7 22. Rg3 Qh8 23. Bf3 b5 24. Ne2 Kf7 25. Rg5 ({Don't do} 25. Qg5 Rg8 $18) 25... Rg8 $2 {[#]} (25... Qb8 {was necessary.} 26. Bh5+ Nxh5 27. Rxh5 Qxf4 28. Nxf4 Rg8) 26. Qg3 a5 27. Nf4 Rxg5 28. hxg5 Ne4 29. g6+ Kg7 30. Nh5+ Kh6 31. Bxe4 fxe4 32. g7 {[%cal Rg7h8]} Qg8 33. Nf6 (33. Qh4 $142 Kg6 34. Qf6+ Kxh5 35. Qf8) 33... Qxg7 34. Qxg7+ {Accuracy: White = 74%, Black = 32%.} 1-0

[Event "Kragero Resort Chess A 2019"]
[Site "Kragero"]
[Date "2019.02.23"]
[Round "6.6"]
[White "Vitenberg, Noam Aviv"]
[Black "Hasangatin, Ramil"]
[Result "0-1"]
[WhiteElo "2180"]
[BlackElo "2485"]
[Annotator "TA"]
[PlyCount "82"]
[EventDate "2019.02.20"]
[EventType "swiss"]
[EventCountry "NOR"]
[SourceTitle "playchess.com"]
[Source "ChessBase"]
[SourceQuality "1"]

{[%evp 9,81,-15,15,-32,-33,-42,-42,-42,-37,-43,-40,-43,-25,-58,-61,-53,-30,-25,-20,-23,3,-14,28,-27,-22,-69,-66,-76,-58,-66,-41,-41,-45,-46,-47,-38,-38,-76,-75,-75,-74,-126,-32,-56,-20,-18,-27,-27,-22,-25,-28,-22,-6,-130,-134,-337,-332,-385,-391,-497,-496,-623,-628,-617,-593,-1479,-1420,-5377,-5294,-29992,-29993,-29993,-29994,-29999]} 1. d4 Nf6 2. c4 Nc6 3. d5 Ne5 4. Qc2 (4. e3 e6 5. Nc3 Bb4 6. Bd2 O-O 7. a3 Bxc3 8. Bxc3 d6 9. f3 exd5 10. cxd5 Re8 11. Qd2 Bd7 {0-1 (34) Vasilevich,T (2372)-Kosteniuk,A (2537) Sochi 2016}) 4... e6 5. dxe6 fxe6 $146 ({Predecessor:} 5... dxe6 6. e4 Bc5 7. h3 O-O 8. Be2 Bxf2+ 9. Kxf2 Qd4+ 10. Be3 Nxe4+ 11. Ke1 Qxe3 12. Nc3 Qg3+ 13. Kd1 Rd8+ 14. Kc1 Qe3+ 15. Kb1 Nd2+ 16. Qxd2 Rxd2 17. Nd1 Qe4+ {0-1 (17) D'Emilia,J (1264)-Techera,M (1198) LSS email 2009}) 6. e3 {A50: Queen's Fianchetto Defence (1 d4 Nf6 2 c4 b6)} b6 7. Nd2 Bb7 8. Ngf3 {Black is slightly better.} Nxf3+ 9. Nxf3 Bd6 10. Bd3 Qe7 11. Bd2 e5 {Hoping for ...e4.} 12. e4 Bb4 13. O-O Bxd2 14. Nxd2 Nh5 15. g3 g5 16. Rac1 (16. c5 $142 $1) 16... c5 $11 17. Rfe1 Ng7 18. Qd1 Ne6 19. Qh5+ Qf7 20. Be2 Bc6 21. Rcd1 h6 22. Qxf7+ Kxf7 23. Nf3 Kf6 24. Rd6 Rad8 25. Red1 (25. Bd1 $142) 25... Rh7 ({Black should try} 25... Bxe4 $17 26. b3 g4) 26. h4 {Strongly threatening hxg5+.} Rg7 27. hxg5+ hxg5 28. Nh2 Ke7 {...Nd4 is the strong threat.} 29. Bg4 {And now Bxe6 would win.} Nd4 $36 {[%mdl 2048] Black fights for an advantage.} 30. Rh6 Rf8 31. Nf1 (31. f3 $11) 31... Bxe4 $17 32. Re1 $2 {[#]} (32. Nd2 $17 Bd3 33. Re1) 32... Bf3 $1 $19 {[%cal Rf3g4]} 33. Rxe5+ Kd8 34. Bh3 g4 35. Bg2 Rgf7 36. Ne3 Bxg2 {[%mdl 64] [#] Discovered Attack} 37. Kxg2 Rxf2+ {[%mdl 64] Double Attack} 38. Kh1 Rxb2 {( -> ...Rff2)} 39. Rg5 Rff2 {Black mates.} 40. Rg8+ Kc7 41. Nd1 Rf1# {Accuracy: White = 21%, Black = 68%.} 0-1

[Event "Kragero Resort Chess A 2019"]
[Site "Kragero"]
[Date "2019.02.23"]
[Round "6.7"]
[White "Getz, Nicolai"]
[Black "Tryggestad, Andreas Garberg"]
[Result "0-1"]
[WhiteElo "2398"]
[BlackElo "2351"]
[Annotator "ChessBase"]
[PlyCount "118"]
[EventDate "2019.02.20"]
[EventType "swiss"]
[EventCountry "NOR"]
[SourceTitle "playchess.com"]
[Source "ChessBase"]
[SourceQuality "1"]
[TimeControl "5400+30"]

1. e4 {[%emt 0:00:00]} c5 {[%emt 0:03:05]} 2. Nf3 {[%emt 0:00:00]} e6 {[%emt 0:00:05]} 3. d4 {[%emt 0:00:00]} cxd4 {[%emt 0:00:03]} 4. Nxd4 {[%emt 0:00:00]} Nc6 {[%emt 0:00:05]} 5. Nc3 {[%emt 0:00:03]} Qc7 {[%emt 0:00:04]} 6. Be3 {[%emt 0:00:30]} Nf6 {[%emt 0:00:06]} 7. Ndb5 {[%emt 0:00:13]} Qb8 {[%emt 0:00:07]} 8. f4 {[%emt 0:00:05]} a6 {[%emt 0:01:12]} 9. e5 {[%emt 0:00:06]} Ng8 {[%emt 0:11:01]} 10. Nd6+ {[%emt 0:06:38]} Bxd6 {[%emt 0:00:10]} 11. exd6 {[%emt 0:00:15]} b5 {[%emt 0:00:32]} 12. Qg4 {[%emt 0:03:59]} Kf8 {[%emt 0:00:59]} 13. O-O-O {[%emt 0:00:35]} Nh6 {[%emt 0:02:57]} 14. Qh3 {[%emt 0:04:20]} Bb7 {[%emt 0:00:27]} 15. g4 {[%emt 0:08:11]} f5 {[%emt 0:04:00]} 16. gxf5 {[%emt 0:04:46]} Nxf5 {[%emt 0:00:15]} 17. Rg1 {[%emt 0:07:11]} Qe8 {[%emt 0:08:30]} 18. Bd3 {[%emt 0:04:33]} Qf7 {[%emt 0:00:38]} 19. Rg5 {[%emt 0:04:59]} g6 {[%emt 0:03:22]} 20. Rdg1 {[%emt 0:06:01]} Rg8 {[%emt 0:04:02]} 21. Bxf5 {[%emt 0:18:23]} exf5 {[%emt 0:00:13]} 22. Qh6+ {[%emt 0:01:41]} Ke8 {[%emt 0:06:51]} 23. h4 {[%emt 0:03:55]} Nd8 {[%emt 0:24:14]} 24. h5 {[%emt 0:01:15]} Qg7 {[%emt 0:00:10]} 25. Qxg7 {[%emt 0:01:10]} Rxg7 {[%emt 0:00:02]} 26. Rxf5 {[%emt 0:01:53]} Ne6 {[%emt 0:11:35]} 27. Re5 {[%emt 0:01:54]} Kf7 {[%emt 0:02:04]} 28. h6 {[%emt 0:01:01]} Rgg8 {[%emt 0:00:13]} 29. a4 {[%emt 0:03:51]} Bc6 {[%emt 0:05:54]} 30. axb5 {[%emt 0:07:21]} axb5 {[%emt 0:00:01]} 31. Kb1 {[%emt 0:00:39]} Ra6 {[%emt 0:02:31]} 32. b4 {[%emt 0:01:13]} Kf6 {[%emt 0:01:39]} 33. Kb2 {[%emt 0:01:14]} g5 {[%emt 0:03:35]} 34. Nd5+ {[%emt 0:00:19]} Bxd5 {[%emt 0:00:12]} 35. Rxd5 {[%emt 0:00:17]} g4 {[%emt 0:00:11]} 36. f5 {[%emt 0:00:45]} Nd8 {[%emt 0:00:23]} 37. Bd4+ {[%emt 0:01:33]} Kf7 {[%emt 0:00:10]} 38. Bg7 {[%emt 0:01:28]} Nb7 {[%emt 0:00:18]} 39. Be5 {[%emt 0:01:05]} Rb6 {[%emt 0:03:12]} 40. Rg3 {[%emt 0:00:46]} Nd8 {[%emt 0:00:18]} 41. c3 {[%emt 0:01:59]} Rg5 {[%emt 0:00:25]} 42. Bf4 {[%emt 0:00:24]} Rg8 {[%emt 0:00:02]} 43. Be3 {[%emt 0:01:48]} Ra6 {[%emt 0:00:29]} 44. Bf4 {[%emt 0:00:27]} Rb6 {[%emt 0:00:10]} 45. Kb3 {[%emt 0:00:18]} Kf6 {[%emt 0:00:05]} 46. Be3 {[%emt 0:00:48]} Ra6 {[%emt 0:00:02]} 47. Bd4+ {[%emt 0:00:19]} Kg5 {[%emt 0:02:19]} 48. Bg7 {[%emt 0:01:01]} Nf7 {[%emt 0:00:17]} 49. f6+ {[%emt 0:01:02]} Kh4 {[%emt 0:00:25]} 50. Rg1 {[%emt 0:00:32]} Rxd6 {[%emt 0:00:15]} 51. Rxd6 {[%emt 0:00:33]} Nxd6 {[%emt 0:00:01]} 52. Rd1 {[%emt 0:00:18]} Nf7 {[%emt 0:00:14]} 53. Rxd7 {[%emt 0:00:06]} g3 {[%emt 0:00:26]} 54. Rxf7 {[%emt 0:02:39]} g2 {[%emt 0:00:02]} 55. Ra7 {[%emt 0:00:34]} g1=Q {[%emt 0:00:05]} 56. f7 {[%emt 0:00:31]} Rc8 {[%emt 0:05:13]} 57. Ra2 {[%emt 0:00:28]} Qd1+ {[%emt 0:00:27]} 58. Kb2 {[%emt 0:00:28]} Qe2+ {[%emt 0:00:12]} 59. Kb1 {[%emt 0:00:36]} Qf1+ {[%emt 0:00:07]} 0-1

[Event "Kragero Resort Chess A 2019"]
[Site "Kragero"]
[Date "2019.02.23"]
[Round "6.8"]
[White "Khachatryan, Vahagn"]
[Black "Kaasen, Tor Fredrik"]
[Result "1/2-1/2"]
[WhiteElo "2274"]
[BlackElo "2387"]
[Annotator "TA"]
[PlyCount "81"]
[EventDate "2019.02.20"]
[EventType "swiss"]
[EventCountry "NOR"]
[SourceTitle "playchess.com"]
[Source "ChessBase"]
[SourceQuality "1"]

{[%evp 16,81,14,12,29,12,16,18,17,12,12,2,21,31,22,31,23,27,28,32,45,0,0,0,3,0,0,0,0,-10,-14,-18,-18,-18,-20,-12,0,0,0,0,0,0,0,0,0,0,0,0,0,0,57,0,0,0,0,0,8,8,12,0,0,0,0,0,0,0,0,-8]} 1. d4 Nf6 2. Nf3 g6 3. g3 Bg7 4. Bg2 O-O 5. c4 d6 6. Nc3 c6 7. O-O Bf5 8. Nh4 Be6 9. b3 d5 {E62: King's Indian: Fianchetto: 6...c6 and Panno Variation (6...Nc6) without ...a6} 10. cxd5 cxd5 11. Bb2 Nc6 12. Nf3 Rc8 (12... Bf5 13. Rc1 Ne4 14. e3 Nxc3 15. Bxc3 Be4 16. Qe2 Rc8 17. Bh3 Bxf3 18. Qxf3 {½-½ (54) Cheparinov,I (2710)-Rakhmanov,A (2653) Riadh 2017}) 13. e3 $146 ({Predecessor:} 13. Rc1 Bf5 14. Ne5 Qa5 15. a3 Be6 16. b4 Qd8 17. h3 Nxe5 18. dxe5 {1-0 (58) Petrov,N (2511)-Hug,W (2483) Switzerland 2017}) 13... Bf5 14. Ne5 Ne4 15. Nxe4 {[#] Strongly threatening Nxc6.} Bxe4 16. Bxe4 dxe4 17. Nxc6 Rxc6 18. Qd2 Qd5 19. Rac1 e5 20. Rxc6 bxc6 21. Rc1 Rd8 {[%cal Re5d4]} 22. Qe2 exd4 23. Bxd4 Bxd4 24. exd4 Qxd4 25. Rxc6 $11 {[%mdl 4096] Endgame KQR-KQR} f5 26. Rc2 Rd7 27. Kg2 Kg7 28. h4 a5 29. Qb5 Qd5 30. Rc5 Qd1 {[#] White must now prevent ...Qf3+.} 31. Rc3 Qd5 32. Rc5 Qd2 ({Better is} 32... Qd1 $11 33. Rc3 Qd5) 33. Rc2 ({White should try} 33. Qxa5 $14 Kf7 34. Qc3) 33... Qxc2 {The position is equal.} 34. Qxd7+ {KQ-KQ} Kh6 35. Qe7 Qd2 36. a3 Qd5 37. b4 {Qf8+ is the strong threat.} axb4 38. axb4 e3+ $1 39. f3 Qd2+ 40. Kh3 Qe2 41. Qg5+ {Accuracy: White = 70%, Black = 74%.} 1/2-1/2

[Event "Kragero Resort Chess A 2019"]
[Site "Kragero"]
[Date "2019.02.23"]
[Round "6.9"]
[White "Hobber, Anders"]
[Black "Malakhatko, Vadim"]
[Result "0-1"]
[WhiteElo "2312"]
[BlackElo "2525"]
[Annotator "TA"]
[PlyCount "58"]
[EventDate "2019.02.20"]
[EventType "swiss"]
[EventCountry "NOR"]
[SourceTitle "playchess.com"]
[Source "ChessBase"]
[SourceQuality "1"]

{[%evp 9,58,29,33,34,20,22,15,16,42,33,46,48,39,28,41,0,3,-35,-46,-67,-65,-69,-78,-56,-57,-71,-57,-82,-82,-146,-131,-135,-114,-125,-143,-454,-450,-414,-239,-235,-259,-387,-400,-451,-244,-660,-653,-1593,-1550,-1536,-1518]} 1. d4 Nf6 2. Bf4 g6 3. Nc3 c5 4. d5 d6 5. e4 Bg7 6. Bb5+ {A45: Trompowsky Attack} Nbd7 7. a4 O-O 8. Nf3 {The position is equal.} Ng4 9. O-O Nge5 $146 ({Predecessor:} 9... Rb8 10. h3 Nge5 11. Nd2 {½-½ (24) Hamdouchi,H (2594)-Issa,R (2378) Dubai 2018}) 10. Nd2 f5 11. exf5 gxf5 12. Re1 Ng6 13. Bxd7 Bxd7 14. Bg5 f4 $1 15. Qh5 Rf5 16. Nf3 a6 17. Ne4 Qf8 ({Much weaker is} 17... Bxb2 18. Rab1 $11) 18. c4 Re8 19. Re2 (19. a5 $142) 19... Qf7 20. Qh3 Bc8 21. Rae1 {And now Nxd6! would win.} Rxd5 {[%mdl 64] Discovered Attack} 22. cxd5 $4 {[%mdl 8192]} (22. Qh5 $17 Rd3 23. h3) 22... Bxh3 $19 23. Nxd6 exd6 (23... Qxd5 $142 24. Nxe8 Qf5 25. gxh3 (25. Nxg7 $2 Qg4 $19) 25... Qxh3 26. Rxe7 Nxe7 27. Rxe7 Bxb2 28. Rxb7 Qxf3 29. Rxb2 Qg4+ 30. Kf1 Qxg5) 24. Rxe8+ Bf8 25. gxh3 (25. Bh6 {might work better.} Qxd5 26. R1e7 $1 {[%mdl 512]}) 25... Qxd5 26. Kg2 {[#]} Kf7 ({Less strong is} 26... Ne5 27. R1xe5 dxe5 28. Bh6 $17) (26... h6 $142 $1 {[%mdl 512]} 27. Bd8 (27. Bxh6 Nh4+) 27... Kf7) 27. Rd8 $2 (27. R8e4) 27... Qc6 {Black is clearly winning.} 28. Kg1 Qxf3 29. Rd7+ Kg8 {Accuracy: White = 49%, Black = 76%.} 0-1

[Event "Kragero Resort Chess A 2019"]
[Site "Kragero"]
[Date "2019.02.23"]
[Round "6.10"]
[White "Gharibyan, Mamikon"]
[Black "Castellanos Rodriguez, Renier"]
[Result "1/2-1/2"]
[WhiteElo "2318"]
[BlackElo "2505"]
[Annotator "TA"]
[PlyCount "67"]
[EventDate "2019.02.20"]
[EventType "swiss"]
[EventCountry "NOR"]
[SourceTitle "playchess.com"]
[Source "ChessBase"]
[SourceQuality "1"]

{[%evp 10,67,24,16,25,28,27,29,33,24,23,36,45,36,44,39,33,49,40,47,41,32,37,28,33,21,25,11,12,15,24,25,25,28,35,28,37,41,41,47,48,0,0,0,0,0,0,-6,0,0,0,0,0,0,0,-97,0,0,0,-94]} 1. d4 Nf6 2. c4 e6 3. Nf3 b6 4. g3 Bb7 5. Bg2 g6 6. O-O Bg7 {E16: Queen's Indian: 4 g3 Bb7 5 Bg2 Bb4+} 7. Qc2 (7. Nc3 O-O 8. d5 exd5 9. cxd5 Re8 10. Nd4 c5 11. Ndb5 d6 12. Bf4 Bf8 13. a4 a6 14. Na3 Nh5 15. Bd2 Nd7 {1-0 (47) Ponomariov,R (2686)-Hou,Y (2658) Shenzhen 2018}) 7... O-O 8. Nc3 d5 {White has an edge.} 9. cxd5 exd5 10. Ne5 Nbd7 11. Qa4 $146 ({Predecessor:} 11. Rd1 Qe7 12. Bf4 Nh5 13. Nxd5 Qd8 14. Nxd7 Nxf4 15. N7f6+ Bxf6 16. Nxf6+ Qxf6 17. Bxb7 {1-0 (36) Perk,E (1916)-Eberhardt,M (1795) Buesum 2015}) 11... c5 12. Nxd7 Nxd7 13. Be3 cxd4 14. Bxd4 Nc5 15. Qd1 Ne4 16. Bxg7 Kxg7 17. Qd4+ Qf6 18. Nb5 Qxd4 19. Nxd4 Rac8 20. Rfd1 Rfd8 21. e3 Kf6 22. Bf1 Rc5 23. b4 Rcc8 24. a4 a6 25. Rdc1 Rxc1 26. Rxc1 Rc8 27. Rxc8 (27. Ra1 {is more complex.} h5 28. h4 Rc3 29. a5 b5 30. Ra2) 27... Bxc8 $11 {[%mdl 4096] Endgame KBN-KBN} 28. a5 b5 29. Bd3 Nc3 30. Kf1 Na2 31. Nc2 Nc1 32. Ne1 (32. Be2 $1 $11 {keeps the balance.}) 32... Na2 33. Nc2 Nc1 34. Ne1 {Accuracy: White = 64%, Black = 70%.} 1/2-1/2